| 000 | 01219nam a2200349 c 4500 | ||
|---|---|---|---|
| 001 | 58606 | ||
| 003 | CO-BoRNBP | ||
| 005 | 20250827145926.0 | ||
| 007 | ta | ||
| 008 | 141031s2013 ck a br 000 fdspa d | ||
| 020 | _a9789583003738 | ||
| 040 |
_aCO-BoRNBP _bspa _erda _cCO-BoRNBP |
||
| 041 | 0 | _aspa | |
| 043 | _as-ck--- | ||
| 084 | _aN | ||
| 100 |
_aVélez González, Jaime Alberto, _d1950- _eaut _963636 |
||
| 245 | 1 | 0 |
_aBuenos días, noche / _cJaime Alberto Vélez ; ilustrado por Henry González. |
| 250 | _aPrimera edición | ||
| 264 | 1 |
_aBogotá, Colombia : _bPanamericana Editorial, _c2013 |
|
| 300 |
_a106 páginas : _bilustraciones a color |
||
| 336 |
_atexto _btxt _2rdacontent |
||
| 337 |
_asin mediación _bn _2rdamedia |
||
| 338 |
_avolumen _bnc _2rdacarrier |
||
| 500 | _aIncluye datos biográficos del autor en la solapa | ||
| 521 | 1 | _aRecomendado para un público infantil mayor de 8 años | |
| 650 | 0 | 7 |
_aGastronomía en la literatura _2lemb _939977 |
| 650 | 0 | 7 |
_aNaturaleza en la literatura _2lemb _91606 |
| 650 | 0 | 4 |
_aNovela infantil colombiana _ySiglo XX _2LEMB _9365 |
| 650 | 0 | 4 |
_aLiteratura infantil colombiana _ySiglo XX _2LEMB _9364 |
| 700 |
_aGonzález, Henry _eill |
||
| 942 |
_2loc _cBKLITI |
||
| 999 |
_c58606 _d58606 |
||